Ekstraklasa 2024/25 - na mapie - Statystyki

Ogólne statystyki
  • Ten quiz został rozwiązany 165 razy
  • Średni wynik to 13 z 18
Odpowiedzi na mapie
Odpowiedzi zakodowano w zielono-czerwonej skali na mapie do tego quizu, zgodnie z poniższymi procentami.
 
Statystyki odpowiedzi
Odpowiedź % Poprawnych
Legia Warszawa
94%
Jagiellonia Białystok
93%
Pogoń Szczecin
93%
Lechia Gdańsk
91%
Lech Poznań
86%
Śląsk Wrocław
85%
Widzew Łódź
84%
Radomiak Radom
75%
Motor Lublin
73%
Korona Kielce
71%
Stal Mielec
69%
Zagłębie Lubin
69%
Raków Częstochowa
68%
Puszcza Niepołomice
66%
Cracovia Kraków
65%
GKS Katowice
60%
Piast Gliwice
52%
Górnik Zabrze
40%
Nie znaleziono quizów pasujących do podanych kryteriów
Rozkład punktacji
Procent ludzi z każdym wynikiem
Percentyl według liczby udzielonych odpowiedzi
Twoja historia wyników
Nie rozwiązałeś tego quizu